000 00541nam a2200193Ia 4500
003 GCL
008 140319s9999 xx 000 0 eng d
040 _aGCL /
_cGCL
082 0 4 _a620.123
_bS A
100 1 _aLIMBRUNNER, GEORGE F.
245 1 0 _aAPPLIED STATICS AND STRENGTH MATERIALS, 2ND ED /
_cLIMBRUNNER, GEORGE F.
700 1 _aSPIEGEL, LEONARD
260 _a[S.N] :
_bMACMILIAN PUBLISHING COMPANY ،
_c1994
300 _a758 P
650 0 4 _aMATERIALS
650 0 4 _aSTATICS
650 0 4 _aSTRUCTURAL ENGINEERING
942 _2ddc
_cBK
999 _c21234
_d21234